书目信息 |
| 题名: |
钢结构工程施工质量验收规范实施指南
|
|
| 作者: | 侯兆新 , 何奋韬 , 何乔生 , 侯兆新 主编 | |
| 分册: | ||
| 出版信息: | 北京 中国建筑工业出版社 2002.10 |
|
| 页数: | 214页 | |
| 开本: | 20cm | |
| 丛书名: | ||
| 单 册: | ||
| 中图分类: | TU711-62 | |
| 科图分类: | ||
| 主题词: | 钢结构--Gang Jie Gou--建筑工程--工程验收--规范--中国--指南 | |
| 电子资源: | ||
| ISBN: | 7-112-05333-1 | |
| 000 | 01245nam0 2200313 450 | |
| 001 | CAL 012003036580 | |
| 005 | 20050914164620.36 | |
| 010 | @a7-112-05333-1@dCNY 24.00 | |
| 099 | @aCAL 012003036580 | |
| 100 | @a20030311d2002 ekmy0chiy0121 ea | |
| 101 | 0 | @achi |
| 102 | @aCN@b110000 | |
| 105 | @aak ag 000yy | |
| 200 | 1 | @a钢结构工程施工质量验收规范实施指南@AGang Jie Gou Gong Cheng Shi Gong Zhi Liang Yan Shou Gui Fan Shi Shi Zhi Nan@f侯兆新等主编@Fhou zhao xin deng zhu bian |
| 210 | @a北京@c中国建筑工业出版社@d2002.10 | |
| 215 | @a214页@c图@d20cm | |
| 304 | @a题名页责任者题: 侯兆欣, 何奋韬, 何乔生, 闫莉主编 | |
| 312 | @a封面英文题名:Guideline for pratice the code for acceptance of constrution quality of steel structures | |
| 320 | @a有书目 (第214页) | |
| 510 | 1 | @aGuideline for pratice the code for acceptance of constrution quality of steel structures@zeng |
| 606 | 0 | @a钢结构@AGang Jie Gou@x建筑工程@x工程验收@x规范@y中国@j指南 |
| 690 | @aTU711-62@v4 | |
| 701 | 0 | @a侯兆新@AHou Zhao Xin@4主编 |
| 701 | 0 | @a何奋韬@AHe Fen Tao@4主编 |
| 701 | 0 | @a何乔生@AHe Qiao Sheng@4主编 |
| 701 | 0 | @a侯兆新@Ahou zhao xin@4主编 |
| 801 | 0 | @aCN@bSEU@c20050914 |
| 905 | @a10447@dTU711-62@eH435 | |
| 906 | @dCNY24.00@n0@r1 | |
| 钢结构工程施工质量验收规范实施指南/侯兆新等主编.-北京:中国建筑工业出版社,2002.10 |
| 214页:图;20cm |
| ISBN 7-112-05333-1:CNY 24.00 |
| ● |
| 相关链接 |
|
|
|
正题名:钢结构工程施工质量验收规范实施指南
索取号:TU711-62/H435
 
预约/预借
| 序号 | 登录号 | 条形码 | 馆藏地/架位号 | 状态 | 备注 |
| 1 | 551694 | 205516949 | 建筑库201/201建筑库 19排1列1层/ [索取号:TU711-62/H435] | 在馆 | |
| 2 | 551695 | 205516958 | 建筑库201/201建筑库 19排1列1层/ [索取号:TU711-62/H435] | 在馆 | |
| 3 | 551696 | 205516967 | 建筑库201/201建筑库 19排1列1层/ [索取号:TU711-62/H435] | 在馆 |